[Event "High Wycombe e2e4 Major"]
[Site "Uplands Park"]
[Date "2011.10.10"]
[Round "5"]
[White "Shepherd, Katherine M"]
[Black "Wilson, Matthew W"]
[Result "1/2-1/2"]
[WhiteElo "1761"]
[BlackElo "1898"]
[PlyCount "41"]
[EventDate "2011.10.07"]
[EventType "swiss"]
[EventRounds "5"]
[EventCountry "ENG"]
[SourceTitle "EXT 2023"]
[Source "ChessBase"]
[SourceDate "2022.10.05"]
[SourceVersion "1"]
[SourceVersionDate "2022.10.05"]
[SourceQuality "1"]

1. d4 d5 2. Nf3 Nf6 3. Bf4 e6 4. e3 Bd6 5. Bg3 Ne4 6. Bd3 Nxg3 7. hxg3 h6 8. Nbd2 Bd7 9. a3 c5 10. c4 0-0 11. 0-0 Nc6 12. cxd5 exd5 13. dxc5 Bxc5 14. b4 Bd6 15. Nb3 Ne5 16. Be2 Be6 17. Nbd4 Rc8 18. Nxe5 Bxe5 19. Qd2 Qf6 20. Rfd1 Rfd8 21. Rac1 1/2-1/2

[Event "High Wycombe e2e4 Major"]
[Site "Uplands Park"]
[Date "2011.10.08"]
[Round "3"]
[White "Wilson, Matthew W"]
[Black "Claridge Hansen, William"]
[Result "1/2-1/2"]
[WhiteElo "1898"]
[BlackElo "1715"]
[PlyCount "77"]
[EventDate "2011.10.07"]
[EventType "swiss"]
[EventRounds "5"]
[EventCountry "ENG"]
[SourceTitle "EXT 2023"]
[Source "ChessBase"]
[SourceDate "2022.10.05"]
[SourceVersion "1"]
[SourceVersionDate "2022.10.05"]
[SourceQuality "1"]

1. e4 c5 2. Nf3 g6 3. d4 cxd4 4. Nxd4 Bg7 5. c4 Nc6 6. Be3 Nf6 7. Nc3 0-0 8. Be2 d6 9. 0-0 Bd7 10. Rc1 Nxd4 11. Bxd4 Bc6 12. Qd3 a5 13. f4 Nd7 14. Bxg7 Kxg7 15. Rc2 Nc5 16. Qd4+ Kg8 17. Nd5 Bxd5 18. cxd5 Rc8 19. Rfc1 Rc7 20. Bf3 Qd7 21. b3 b6 22. Rc3 Rfc8 23. Qe3 e6 24. Rd1 Nb7 25. dxe6 fxe6 26. Rxc7 Qxc7 27. Bg4 Re8 28. Qd4 Qf7 29. g3 e5 30. fxe5 Rxe5 31. Rf1 Qe7 32. Qxb6 Nc5 33. Bf3 Nxe4 34. Bxe4 Rxe4 35. Qxa5 Kg7 36. Qc3+ Kg8 37. Qc8+ Kg7 38. Qc3+ Kg8 39. Qc8+ 1/2-1/2

[Event "Sunningdale e2e4 Major op"]
[Site "Sunningdale"]
[Date "2011.05.29"]
[Round "5"]
[White "Wilson, Matthew W"]
[Black "Sagues, Vincent"]
[Result "1/2-1/2"]
[WhiteElo "1834"]
[BlackElo "1949"]
[PlyCount "76"]
[EventDate "2011.05.27"]
[EventType "swiss"]
[EventRounds "7"]
[EventCountry "ENG"]
[SourceTitle "EXT 2023"]
[Source "ChessBase"]
[SourceDate "2022.10.05"]
[SourceVersion "1"]
[SourceVersionDate "2022.10.05"]
[SourceQuality "1"]

1. e4 e6 2. d4 d5 3. Nd2 Nf6 4. e5 Nfd7 5. f4 c5 6. c3 Nc6 7. Ndf3 cxd4 8. cxd4 Qb6 9. g3 Bb4+ 10. Kf2 f6 11. Be3 0-0 12. Bh3 Re8 13. Ne2 Bf8 14. Qd2 a5 15. Kg2 a4 16. Rhg1 a3 17. b3 Nb4 18. Kh1 Qb5 19. Nc3 Qa5 20. Rgc1 Nc6 21. Qf2 g6 22. g4 Bg7 23. g5 f5 24. Bf1 Na7 25. Bd2 Qd8 26. Rc2 Nf8 27. Rac1 Bd7 28. Nb1 Nb5 29. Bb4 Qb6 30. Bxb5 Bxb5 31. Nxa3 Bd3 32. Bc5 Qa6 33. Rc3 Be4 34. Kg1 Rac8 35. Nd2 Rxc5 36. Rxc5 Qxa3 37. Nxe4 fxe4 38. R1c2 Re7 1/2-1/2

[Event "Uxbridge e2e4 Major op"]
[Site "Uxbridge"]
[Date "2011.03.19"]
[Round "3"]
[White "Kalerwa, Edwin M"]
[Black "Wilson, Matthew W"]
[Result "1-0"]
[WhiteElo "1680"]
[BlackElo "1834"]
[PlyCount "96"]
[EventDate "2011.03.18"]
[EventType "swiss"]
[EventRounds "5"]
[EventCountry "ENG"]
[SourceTitle "EXT 2023"]
[Source "ChessBase"]
[SourceDate "2022.10.05"]
[SourceVersion "1"]
[SourceVersionDate "2022.10.05"]
[SourceQuality "1"]

1. e4 c5 2. Nf3 e6 3. Nc3 a6 4. a4 Nc6 5. d4 cxd4 6. Nxd4 Qc7 7. Be2 Nf6 8. Bg5 Be7 9. Nxc6 dxc6 10. Qd4 e5 11. Qe3 0-0 12. 0-0 Be6 13. Qg3 Ne8 14. h4 Bc5 15. h5 Kh8 16. Nd1 Rg8 17. Qh4 h6 18. Be3 Be7 19. Qh2 Nf6 20. f3 b5 21. a5 c5 22. g4 Nh7 23. Nf2 Bg5 24. Bxg5 Nxg5 25. c3 f6 26. Nh3 Nxh3+ 27. Qxh3 Rad8 28. Rf2 Rd6 29. Qh2 Qd7 30. Re1 c4 31. f4 exf4 32. Qxf4 Re8 33. Bf3 Bg8 34. Rfe2 Re5 35. Rg2 Qe7 36. Rge2 Bh7 37. Kh1 Rde6 38. Kg1 Qc7 39. Rd2 Qxa5 40. Rd7 Qb6+ 41. Kg2 Rd6 42. Rd1 Rxd1 43. Rxd1 Qc7 44. Rd4 Bg8 45. Qd2 Bf7 46. Rd7 Qc5 47. Rxf7 Re7 48. Qd8+ Kh7 1-0